BIBLIOTECA

SENCICO

Instalaciones hidrosanitarias y de gas para edificaciones / (Registro nro. 5022)

Detalles MARC
000 -LEADER
fixed length control field 01451nam a22003137a 4500
003 - CONTROL NUMBER IDENTIFIER
control field PE SENCICO BE
005 - DATE AND TIME OF LATEST TRANSACTION
control field 20251020182709.0
008 - FIXED-LENGTH DATA ELEMENTS--GENERAL INFORMATION
fixed length control field 241212b |||||||| |||| 00| 0 eng d
020 ## - INTERNATIONAL STANDARD BOOK NUMBER
International Standard Book Number 978-958-648-677-4
040 ## - CATALOGING SOURCE
Original cataloging agency PE SENCICO BE
Transcribing agency PE SENCICO BE
041 ## - LANGUAGE CODE
Language code of text/sound track or separate title spa
082 ## - DEWEY DECIMAL CLASSIFICATION NUMBER
Classification number 696.12
Item number P45I
-- 2010
100 1# - MAIN ENTRY--PERSONAL NAME
9 (RLIN) 214
Personal name Pérez Carmona, Rafael
Relator term autor
245 1# - TITLE STATEMENT
Title Instalaciones hidrosanitarias y de gas para edificaciones /
Statement of responsibility, etc. Rafael Pérez Carmona
250 ## - EDITION STATEMENT
Edition statement 6a ed.
260 ## - PUBLICATION, DISTRIBUTION, ETC.
Place of publication, distribution, etc. Bogotá :
Name of publisher, distributor, etc. Ecoe ediciones ;
Date of publication, distribution, etc. 2010
300 ## - PHYSICAL DESCRIPTION
Extent xviii, 546 p. :
Other physical details diagrs. ;
Dimensions 24 cm.
504 ## - BIBLIOGRAPHY, ETC. NOTE
Bibliography, etc. note Bibliografía: p. 545-546
505 0# - FORMATTED CONTENTS NOTE
Formatted contents note Suministro de agua -- Equipos de presión -- Cálculo de perdidas en tuberías y accesorios -- Redes de distribución -- Desagues -- Sistemas de ventilación -- Redes de distribución contra incendios -- Agua caliente -- Redes de distribución de gas -- Ventilación
520 3# - SUMMARY, ETC.
Summary, etc. Trata ampliamente y en forma didáctica todos los aspectos relacionados con suministros de agua, equipos de presión, pérdidas de tuberías, redes de distribución de gas y ductos de evacuación de los productos de la combustión.
650 10 - SUBJECT ADDED ENTRY--TOPICAL TERM
9 (RLIN) 215
Topical term or geographic name entry element Instalaciones hidrosanitarias
650 20 - SUBJECT ADDED ENTRY--TOPICAL TERM
9 (RLIN) 216
Topical term or geographic name entry element Edificaciones
650 20 - SUBJECT ADDED ENTRY--TOPICAL TERM
9 (RLIN) 1733
Topical term or geographic name entry element Redes de distribución de agua
650 20 - SUBJECT ADDED ENTRY--TOPICAL TERM
9 (RLIN) 355
Topical term or geographic name entry element Abastecimiento de agua
650 20 - SUBJECT ADDED ENTRY--TOPICAL TERM
9 (RLIN) 1642
Topical term or geographic name entry element Desagues
650 20 - SUBJECT ADDED ENTRY--TOPICAL TERM
9 (RLIN) 2505
Topical term or geographic name entry element Ventilación
910 ## - USER-OPTION DATA (OCLC)
User-option data hfp
-- hfp
-- hfp
942 ## - ADDED ENTRY ELEMENTS (KOHA)
Source of classification or shelving scheme Dewey Decimal Classification
Koha item type Libros
Existencias
Fecha de la última vez que lo usaron Pago total Signatura topográfica completa Código de barras Precio efectivo desde Tipo de documento Estado perdido Sistema de clasificación Estado dañado No es para préstamo Retirado Ubicación permanente Ubicación actual Fecha de adquisición
12/12/2024   696.12/P45I/2010 BibLima24120019 12/12/2024 Libros   Dewey Decimal Classification       Biblioteca Central Lima Biblioteca Central Lima 18/11/2024